Statistics for Mario Kart Tour Tracks

Click here to take the quiz!

General Stats

  • This quiz has been taken 324 times
    (38 since last reset)
  • The average score is 59 of 94

Answer Stats

Origin GameTrack% Correct
Mario Kart 7Rainbow Road
100%
Mario Kart WiiRainbow Road
100%
Super Mario KartRainbow Road
100%
Mario Kart 7Mario Circuit
94%
Mario Kart DSMario Circuit
94%
Super Mario KartMario Circuit 1
94%
Super Mario KartMario Circuit 2
94%
Super Mario KartMario Circuit 3
94%
Super Mario KartBowser Castle 3
88%
Mario Kart 7Bowser's Castle
88%
Mario Kart: Super CircuitBowser’s Castle 1
88%
Mario Kart: Super CircuitBowser’s Castle 2
88%
Mario Kart: Super CircuitBowser’s Castle 3
88%
Super Mario KartChoco Island 1
82%
Super Mario KartChoco Island 2
82%
Mario Kart: Super CircuitLuigi Circuit
82%
Mario Kart 64Choco Mountain
76%
Mario Kart WiiCoconut Mall
76%
Mario Kart 64Koopa Troopa Beach
76%
Super Mario KartKoopa Troopa Beach 2
76%
Mario Kart: Super CircuitSky Garden
76%
Mario Kart 7Toad Circuit
76%
Mario Kart: Double Dash!!Waluigi Stadium
76%
Mario Kart WiiDaisy Circuit
71%
Mario Kart: Double Dash!!Daisy Cruiser
71%
Super Mario KartDonut Plains 1
71%
Super Mario KartDonut Plains 2
71%
Super Mario KartDonut Plains 3
71%
Super Mario KartGhost Valley 1
71%
Super Mario KartGhost Valley 2
71%
Mario Kart WiiKoopa Cape
71%
Mario Kart 64Luigi Raceway
71%
Mario Kart WiiMaple Treeway
71%
Mario Kart: Super CircuitSunset Wilds
71%
Super Mario KartVanilla Lake 1
71%
Super Mario KartVanilla Lake 2
71%
Mario Kart: Double Dash!!Baby Park
65%
Mario Kart: Super CircuitCheep Cheep Island
65%
Mario Kart WiiDK Summit
65%
Mario Kart 64Frappe Snowland
65%
Mario Kart 64Kalimari Desert
65%
Mario Kart 64Kalimari Desert 2
65%
Mario Kart 64Mario Raceway
65%
Mario Kart WiiMoonview Highway
65%
Mario Kart 64Royal Raceway
65%
Mario Kart 8Sky-High Sundae
65%
Mario Kart: Super CircuitBoo Lake
59%
Mario Kart 7Cheep Cheep Lagoon
59%
Mario Kart 7Daisy Hills
59%
Mario Kart: Double Dash!!DK Mountain
59%
Mario Kart WiiDry Dry Ruins
59%
Mario Kart WiiMushroom Gorge
59%
Mario Kart TourParis Promenade
59%
Mario Kart DSPeach Gardens
59%
Mario Kart: Super CircuitRiverside Park
59%
Mario Kart 7Rosalina’s Ice World
59%
Mario Kart 7Shy Guy Bazaar
59%
Mario Kart: Super CircuitSnow Land
59%
Mario Kart 8Squeaky Clean Sprint
59%
Mario Kart 64Yoshi Valley
59%
Mario Kart DSAirship Fortress
53%
Mario Kart: Double Dash!!Dino Dino Jungle
53%
Mario Kart DSDK Pass
53%
Mario Kart: Super CircuitLakeside Park
53%
Mario Kart DSLuigi’s Mansion
53%
Mario Kart TourMadrid Drive
53%
Mario Kart TourNinja Hideaway
53%
Mario Kart: Super CircuitPeach Circuit
53%
Mario Kart TourSingapore Speedway
53%
Mario Kart TourTokyo Blur
53%
Mario Kart DSWaluigi Pinball
53%
Mario Kart 8Yoshi’s Island
53%
Mario Kart TourAthens Dash
47%
Mario Kart TourLondon Loop
47%
Mario Kart TourLos Angeles Laps
47%
Mario Kart TourMerry Mountain
47%
Mario Kart TourNew York Minute
47%
Mario Kart TourRome Avanti
47%
Mario Kart DSShroom Ridge
47%
Mario Kart 7Wario Shipyard
47%
Mario Kart: Double Dash!!Yoshi Circuit
47%
Mario Kart TourBangkok Rush
41%
Mario Kart TourBerlin Byways
41%
Mario Kart TourPiranha Plant Cove
41%
Mario Kart 7Piranha Plant Slide
41%
Mario Kart TourSydney Sprint
41%
Mario Kart TourVancouver Velocity
41%
Mario Kart: Super CircuitYoshi Desert
41%
Mario Kart TourAmsterdam Drift
35%
Mario Kart 7Neo Bowser City
35%
Mario Kart TourPiranha Plant Pipeway
35%
Mario Kart 7Rock Rock Mountain
35%
Mario Kart: Super CircuitBowser’s Castle 4
18%
Mario Kart: Double Dash!!Mushroom Ridge
6%

Score Distribution

Percentile by Number Answered

Percent of People with Each Score

Your Score History

You have not taken this quiz since the last reset